Statistics for Manchester City Squad 2017-2018

Click here to take the quiz!

General Stats

  • This quiz has been taken 2,120 times
  • The average score is 21 of 25

Answer Stats

Nbr Post Nationality Player % Correct
21MFSpainDavid Silva
97%
10FWArgentinaSergio Aguero
97%
4DFBelgiumVincent Kompany
97%
20MFPortugalBernardo Silva
96%
17MFBelgiumKevin De Bruyne
96%
1GKChileClaudio Bravo
95%
5DFEnglandJohn Stones
94%
31GKBrazilEderson
92%
2DFEnglandKyle Walker
92%
7MFEnglandRaheem Sterling
91%
33FWBrazilGabriel Jesus
90%
19MFGermanyLeroy Sane
90%
30DFArgentinaNicolas Otamendi
88%
-CoachSpainPep Guardiola
87%
8MFGermanyIlkay Gundogan
86%
42MFIvory CoastYaya Touré
85%
25MFBrazilFernandinho
85%
22DFFranceBenjamin Mendy
83%
3DFBrazilDanilo
78%
35MFUkraineOleksandr Zinchenko
74%
47MFEnglandPhil Foden
72%
18MFEnglandFabian Delph
70%
15DFFranceEliaquim Mangala
56%
55MFSpainBrahim Diaz
50%
53DFEnglandTosin Adarabioyo
21%

Score Distribution

Percentile by Number Answered

Percent of People with Each Score

Your Score History

You have not taken this quiz